El ingenioso Hidalgo de La Mancha (Record no. 179979)

MARC details
000 -LEADER
campo de control de longitud fija 00804nam a2200217 i 4500
001 - NÚMERO DE CONTROL
campo de control 179979
003 - IDENTIFICADOR DE NÚMERO DE CONTROL
campo de control ES-MaACL
005 - FECHA Y HORA DE LA ÚLTIMA TRANSACCIÓN
campo de control 20250818054851.0
008 - DATOS DE LONGITUD FIJA--INFORMACIÓN GENERAL
campo de control de longitud fija 120309s2009 ve |||| | spa d
020 ## - NÚMERO INTERNACIONAL ESTÁNDAR DEL LIBRO
Número Internacional Estándar del Libro 978-980-6779-32-7
080 ## - NÚMERO DE LA CLASIFICACIÓN DECIMAL UNIVERSAL
Número de la Clasificación Decimal Universal 821.134.2(87)-14"19"
100 1# - ENTRADA PRINCIPAL--NOMBRE DE PERSONA
Nombre de persona Ramírez Pérez, Juan Manuel.
9 (RLIN) 149572
245 13 - MENCIÓN DEL TÍTULO
Título El ingenioso Hidalgo de La Mancha
Resto del título : sonetos /
Mención de responsabilidad, etc. Juan Manuel Ramírez Pérez.
250 ## - MENCION DE EDICION
Mención de edición 1ª ed.
260 ## - PUBLICACIÓN, DISTRIBUCIÓN, ETC.
Lugar de publicación, distribución, etc. Caracas, Venezuela :
Nombre del editor, distribuidor, etc. Norma,
Fecha de publicación, distribución, etc. 2009.
300 ## - DESCRIPCIÓN FÍSICA
Extensión 158 p. ;
Dimensiones 21 cm.
650 #7 - PUNTO DE ACCESO ADICIONAL DE MATERIA--TÉRMINO DE MATERIA
Término de materia o nombre geográfico como elemento de entrada Don Quijote (Personaje de ficción)-
Subdivisión de forma Poesías
Fuente del encabezamiento o término
9 (RLIN) 149573
852 ## - LOCALIZACIÓN
Ubicación ES-MaACL
Número de control de estantería A-12027
itemnumber 186886
Sublocalización o colección R.146991
Ubicación en estantería Depósito 1
Signatura antigua Olim: N-5032
Encuadernación Donación: Juan Manuel Ramírez Pérez
Nota libre Dedicatoria autógrafa del autor
942 ## - ELEMENTOS DE ENTRADA SECUNDARIOS (KOHA)
Fuente del sistema de clasificación o colocación Clasificación decimal universal
Tipo de ítem Koha Libro impreso
Holdings
Estatus retirado Estado de pérdida Fuente del sistema de clasificación o colocación Estado de daño No para préstamo Biblioteca de origen Biblioteca actual Ubicación en estantería Fecha de adquisición Fuente de adquisición Total de préstamos Signatura topográfica completa Código de barras Visto por última vez Precio de reemplazo Tipo de ítem Koha Nota pública
    Clasificación decimal universal     Biblioteca del Ateneo de Madrid Biblioteca del Ateneo de Madrid Depósito 1 09/03/2012 Donación   A-12027 1189085 23/02/2023 23/02/2023 Libro impreso Dedicatoria autógrafa del autor